000
00343nam a2200145Ia 4500
008
150201s1997 xx 000 0 und d
082
_a
618
_b
O1997C
100
_a
CHIN
245
_a
ON CALL OBSTETRICS & GYNEOCOLOGY
250
_a
1ST
260
_b
SAUNDERS
_a
PHILADELPHIA
_c
1997
300
_a
1-391
650
_a
GYNAECOLOGY
942
_2
ddc
_c
BK
999
_c
4049
_d
4049